Dynamics of Industrial Relations. (Record no. 2377)

MARC details
000 -LEADER
fixed length control field 00431nam a22001697a 4500
005 - DATE AND TIME OF LATEST TRANSACTION
control field 20180227164405.0
008 - FIXED-LENGTH DATA ELEMENTS--GENERAL INFORMATION
fixed length control field 160611b xxu||||| |||| 00| 0 eng d
020 ## - INTERNATIONAL STANDARD BOOK NUMBER
ISBN 81-8318-140-6
041 ## - LANGUAGE CODE
Language code of text/sound track or separate title eng
082 ## - DEWEY DECIMAL CLASSIFICATION NUMBER
Item number 6798
Classification number 331
100 ## - MAIN ENTRY--AUTHOR NAME
Personal name Mamoria C.B. Others
245 ## - TITLE STATEMENT
Title Dynamics of Industrial Relations.
260 ## - PUBLICATION, DISTRIBUTION, ETC. (IMPRINT)
Place of publication Mumbai
Name of publisher Himalaya Publishing House
Year of publication 1983
300 ## - PHYSICAL DESCRIPTION
Number of Pages 793
650 ## - SUBJECT ADDED ENTRY--TOPICAL TERM
Topical Term Management
942 ## - ADDED ENTRY ELEMENTS (KOHA)
Koha item type Books
Holdings
Lost status Damaged status Collection code Home library Current library Shelving location Date acquired Cost, normal purchase price Full call number Accession Number Koha item type
    MANAGEMENT JRU Library JRU Library SHELF-72-E 11/06/2016 375.00 331 6798 Books
    MANAGEMENT JRU Library JRU Library SHELF-72-E 11/06/2016 375.00 331 6799 Books
    MANAGEMENT JRU Library JRU Library SHELF-72-E 11/06/2016 375.00 331 6800 Books
    MANAGEMENT JRU Library JRU Library SHELF-72-E 11/06/2016 375.00 331 6801 Books
    MANAGEMENT JRU Library JRU Library SHELF-72-E 11/06/2016 375.00 331 6802 Books
    MANAGEMENT JRU Library JRU Library SHELF-72-E 11/06/2016 375.00 331 6803 Books
    MANAGEMENT JRU Library JRU Library SHELF-72-E 11/06/2016 375.00 331 6804 Books